1108 1174 1695 1334 1038 1393 1020 1448 1255 1101 1548 1687 1413 1125 1346 1834 1873 1417 1496 1343 1003 1219 1058 1735 1633 1780 1464 1308 1156 1148 1896 1957 1989 1336 1125 1019 1417 1154 1906 1789 1725 1719 1034 1065 1460 1693 1195 1125 1022 1670 1141 1278 1928 1033 1321 1370 1391 1233 1115 1616 1514 1933 1958 1895 1519 1129 1253 1218 1840 1012 1073 1205 1472 1891 1739 1162 1816 1962 1152 1754 1420 1331 1290 1853 1801 1290 1249 1339 1935 1307 1737 1927 1565 1325 1745 1388 1962 1838 1268 BCNSPRNW ULIB Ver.6.0+V

เปลี่ยนเป็นภาษาไทย

Change to English
 แสดงรายละเอียดบรรณานุกรม
  กลับหน้าหลัก

Brief Record : Get Marc (ISO 2709) : E-mail record : QR code < ปิดหน้าต่าง
LEADER : 00000nam a2200000Ia 4500
001    13399125446
003     ULIB
008    160728s2559 th a 000 0 tha d
020    ^a9786161128760
040    ^abrv
060 04 ^aWA100^bน135ก
100 0  ^aนงณภัทร รุ่งเนย
245 10 ^aการประเมินสุขภาพแบบองค์รวม =^bHealth assessment : a holisticapproach /^cนงณภัทร รุ่งเนย
246 31 ^aHealth assessment : a holistic approach
250    ^aพิมพ์ครั้งที่ 1
260    ^aนนทบุรี :^bโครงการสวัสดิการวิชาการ สถาบันพระบรมราชชนกกระทรวงสาธารณสุข,^c2559
300    ^a207 หน้า :^bภาพประกอบ ;^c26 ซม.
650  4 ^aการประเมินทางการพยาบาล
650  4 ^aภาวะสุขภาพ
650  4 ^aอนามัย
653    ^aการประเมินสุขภาพทางการแพทย์
945    ^p230^l0^i25035
945    ^p230^l0^i25036
945    ^p230^l0^i25037
945    ^p230^l0^i25038
945    ^p230^l0^i25039
945    ^p230^l0^i25082
945    ^p230^l0^i25083
945    ^p230^l0^i25084
945    ^p230^l0^i25085
945    ^p230^l0^i25086
995    ^aกัณชพร
999    ^aกัณชพร
รายการนี้ยังไม่มีแท็ก
คุณยังไม่ได้ล็อกอิน คุณสามารถมีกิจกรรมร่วมกับเว็บไซต์ได้ แต่ต้องล็อกอินก่อน ::
  ล็อกอิน

รายการสื่อสารสนเทศ

ลำดับที่ ประเภท เลขเรียก/บาร์โค้ด สถานที่ สถานะ
1. วิทยาศาสตร์การแพทย์ และสุขภาพ
วิทยาศาสตร์การแพทย์ และสุขภาพ
สถานะ=หนังสือเก่า
WA100 น135ก ฉ.1 
  Barcode: 25035
ห้องสมุดวิทยาเขตนครสวรรค์
►ส่วนจัดเก็บหนังสือเก่า นว.
บนชั้น
  ขอยืม
2. วิทยาศาสตร์การแพทย์ และสุขภาพ
วิทยาศาสตร์การแพทย์ และสุขภาพ
สถานะ=หนังสือเก่า
WA100 น135ก ฉ.10 
  Barcode: 25086
ห้องสมุดวิทยาเขตนครสวรรค์
►ส่วนจัดเก็บหนังสือเก่า นว.
บนชั้น
  ขอยืม
3. วิทยาศาสตร์การแพทย์ และสุขภาพ
วิทยาศาสตร์การแพทย์ และสุขภาพ
สถานะ=หนังสือเก่า
WA100 น135ก ฉ.2 
  Barcode: 25036
ห้องสมุดวิทยาเขตนครสวรรค์
►ส่วนจัดเก็บหนังสือเก่า นว.
บนชั้น
  ขอยืม
4. วิทยาศาสตร์การแพทย์ และสุขภาพ
วิทยาศาสตร์การแพทย์ และสุขภาพ
สถานะ=หนังสือเก่า
WA100 น135ก ฉ.3 
  Barcode: 25037
ห้องสมุดวิทยาเขตนครสวรรค์
►ส่วนจัดเก็บหนังสือเก่า นว.
บนชั้น
  ขอยืม
5. วิทยาศาสตร์การแพทย์ และสุขภาพ
วิทยาศาสตร์การแพทย์ และสุขภาพ
สถานะ=หนังสือเก่า
WA100 น135ก ฉ.4 
  Barcode: 25038
ห้องสมุดวิทยาเขตนครสวรรค์
►ส่วนจัดเก็บหนังสือเก่า นว.
บนชั้น
  ขอยืม
6. วิทยาศาสตร์การแพทย์ และสุขภาพ
วิทยาศาสตร์การแพทย์ และสุขภาพ
สถานะ=หนังสือเก่า
WA100 น135ก ฉ.5 
  Barcode: 25039
ห้องสมุดวิทยาเขตนครสวรรค์
►ส่วนจัดเก็บหนังสือเก่า นว.
บนชั้น
  ขอยืม
7. วิทยาศาสตร์การแพทย์ และสุขภาพ
วิทยาศาสตร์การแพทย์ และสุขภาพ
สถานะ=หนังสือเก่า
WA100 น135ก ฉ.6 
  Barcode: 25082
ห้องสมุดวิทยาเขตนครสวรรค์
►ส่วนจัดเก็บหนังสือเก่า นว.
บนชั้น
  ขอยืม
8. วิทยาศาสตร์การแพทย์ และสุขภาพ
วิทยาศาสตร์การแพทย์ และสุขภาพ
สถานะ=หนังสือเก่า
WA100 น135ก ฉ.7 
  Barcode: 25083
ห้องสมุดวิทยาเขตนครสวรรค์
►ส่วนจัดเก็บหนังสือเก่า นว.
บนชั้น
  ขอยืม
9. วิทยาศาสตร์การแพทย์ และสุขภาพ
วิทยาศาสตร์การแพทย์ และสุขภาพ
สถานะ=หนังสือเก่า
WA100 น135ก ฉ.8 
  Barcode: 25084
ห้องสมุดวิทยาเขตนครสวรรค์
►ส่วนจัดเก็บหนังสือเก่า นว.
บนชั้น
  ขอยืม
10. วิทยาศาสตร์การแพทย์ และสุขภาพ
วิทยาศาสตร์การแพทย์ และสุขภาพ
สถานะ=หนังสือเก่า
WA100 น135ก ฉ.9 
  Barcode: 25085
ห้องสมุดวิทยาเขตนครสวรรค์
►ส่วนจัดเก็บหนังสือเก่า นว.
บนชั้น
  ขอยืม

รายการใกล้เคียง
    ผู้แต่ง [นงณภัทร รุ่งเนย]

    หัวเรื่อง [การประเมินทางการพยาบาล]
    หัวเรื่อง [ภาวะสุขภาพ]
    หัวเรื่อง [อนามัย]

BibComment


ยังไม่เคยถูกคอมเมนท์

คอมเมนท์ทรัพยากรรายการนี้
  คอมเมนท์: การประเมินสุขภาพ..


 Copyright 2026. Bcnsprnw @Library